LEADER 01943nam 2200541 450 001 996207004503316 005 20210709172936.0 010 $a9788884534552$b(PDF) 010 $a8884534550 010 $z9788884534569$b(paperback) 035 $a(CKB)3400000000018715 035 $a(ItFiC)it 06516181 035 $a(SSID)ssj0000986100 035 $a(PQKBManifestationID)11985377 035 $a(PQKBTitleCode)TC0000986100 035 $a(PQKBWorkID)10933239 035 $a(PQKB)11715503 035 $a(WaSeSS)Ind00074636 035 $a(EXLCZ)993400000000018715 100 $a20090107h20062006 uy 0 101 0 $aita 135 $aurb|#|||||||| 181 $ctxt$2rdacontent 182 $cc$2rdamedia 183 $acr$2rdacarrier 200 10$aStrategie di internazionalizzazione e grande distribuzione nel settore dell'abbigliamento $efocus sulla realta? fiorentina /$fCristiano Ciappei, Azzurra Sani 210 1$aFirenze, Italy :$cFirenze University Press,$d2006. 210 4$dİ2006 215 $a1 online resource (231 pages) $cillustrations; digital, PDF file(s) 225 0 $aStanze Della Moda ;$v1 300 $aOn back cover: Osservatorio moda della Provincia di Firenze;Provincia di Firenze; Regione Toscana ... 311 08$aPrint version: 9788884534569 320 $aIncludes bibliographical references. 606 $aTextile fabrics$zItaly$zTuscany$xMarketing 606 $aExport marketing$zItaly$zTuscany 606 $aClothing and dress$xMarketing 615 0$aTextile fabrics$xMarketing. 615 0$aExport marketing 615 0$aClothing and dress$xMarketing. 676 $a658 700 $aCiappei$b Cristiano$0107550 702 $aSani$b Azzurra 801 0$bItFiC 801 1$bItFiC 801 2$bUKMaJRU 912 $a996207004503316 996 $aStrategie di internazionalizzazione e grande distribuzione nel settore dell'abbigliamento$92081074 997 $aUNISA